Loading...
| Thought - Philosophy | 2 | 4 | 0 | 2 | 70 | 67 | 97.67 | 0 | 6 |
| Other - Other Academic | 0 | 3 | 0 | 0 | 30 | 86 | 102.33 | 2 | 3 |
| Science - Physics | 0 | 3 | 1 | 2 | 25 | 84 | 111.33 | 0 | 3 |
| Arts - Music | 0 | 2 | 0 | 1 | 20 | 100 | 120.00 | 0 | 2 |
| History - Euro History | 0 | 2 | 0 | 0 | 20 | 83 | 96.00 | 0 | 2 |
| History - Other History | 0 | 2 | 0 | 0 | 20 | 74 | 78.00 | 2 | 2 |
| Literature - Euro Lit | 0 | 2 | 0 | 0 | 20 | 93 | 111.50 | 0 | 2 |
| Literature - World Lit | 0 | 2 | 0 | 0 | 20 | 87 | 91.50 | 2 | 2 |
| Science - Biology | 0 | 2 | 0 | 1 | 20 | 119 | 120.50 | 1 | 2 |
| Other - Pop Culture | 1 | 0 | 0 | 0 | 15 | 68 | 68.00 | 0 | 1 |
| History - World History | 1 | 0 | 0 | 0 | 15 | 57 | 57.00 | 0 | 1 |
| Beliefs - Religion | 1 | 0 | 0 | 0 | 15 | 51 | 51.00 | 1 | 1 |
| Science - Chemistry | 0 | 2 | 2 | 2 | 10 | 121 | 121.50 | 0 | 2 |
| Other - Geo/CE | 0 | 1 | 0 | 0 | 10 | 83 | 83.00 | 0 | 1 |
| Thought - Social Science | 0 | 1 | 0 | 0 | 10 | 85 | 85.00 | 0 | 1 |
| Literature - American Lit | 0 | 1 | 0 | 0 | 10 | 143 | 143.00 | 0 | 1 |
| Literature - British Lit | 0 | 1 | 0 | 0 | 10 | 97 | 97.00 | 0 | 1 |
| Science - Other Science | 0 | 1 | 1 | 1 | 5 | 122 | 122.00 | 0 | 1 |
| Beliefs - Mythology | 0 | 0 | 1 | 0 | -5 | 0.00 | 0 | 0 |